00277nam a2200121 a 4500008004100000050001800041100001500059245004000074250001300114260000900127300001000136350000900146120416s1999 xx |||||||||||||| || u aTK 7881.6 Bee aBeer, Nick10aServicing audio and Hi-fi equipment a3rd. ed. c1999 a: ill a0.00